Neville Longbottom Multiple Choice Trivia Quiz Stats

 Plays Quiz Updated May 1, 2018

Score 0/20 Timer 05:00
9 Plays Today
Question Answer Wrong Answers
What gift is Neville describing in this quote? 'Gran knows I forget things - this tells you if there's something you've forgotten to do.' Remembrall
91.6%
Deluminator
1.2%
Portkey
1.1%
Sneakoscope
1.5%
What is Neville's pet toad's name? Trevor
90%
Todd
2.2%
Tom
1.2%
Tonks
2.1%
What is Neville's best subject at Hogwarts? Herbology
89.6%
Defense Against the Dark Arts
1.7%
Charms
2.1%
Potions
2.2%
Along with Ginny and Luna, Neville restarted what student organization in his 7th year at Hogwarts? Dumbledore's Army
86.5%
S.P.E.W.
4.6%
Slug Club
2.7%
Inquisitorial Squad
1.8%
What creatures picked up Neville by the ears and hung him by his cloak on a chandelier? Cornish pixies
86.3%
Boggarts
4.9%
Thestrals
2.1%
Blast-ended skrewts
2.1%
What horcrux did Neville destroy? Nagini
86.1%
Ravenclaw's diadem
3.5%
Hufflepuff's cup
3.4%
Slytherin's locket
2.5%
What are Neville's parents' names? Frank and Alice
77.4%
Frank and Augusta
5.3%
Fred and Alice
10.2%
Fred and Augusta
2.7%
Who did Neville take to the Yule Ball? Ginny Weasley
77.2%
Lavender Brown
7.3%
Hannah Abbott
9.8%
Trevor
1.3%
What shape does a boggart take for Neville? Severus Snape
71.4%
His grandmother
18.8%
Dolores Umbridge
1.6%
A spider
3.9%
What is Neville's grandmother's name? Augusta
66%
Alice
8%
Arabella
18.7%
Andrea
2.8%
What 'pet' plant did Neville have? Mimbulus mimbletonia
64.6%
Mandrake
16.9%
Gillyweed
10.5%
Sopophorous bean
3.4%
How many house points did Dumbledore award Neville at the end-of-term feast for standing up to his friends? 10
63.8%
5
16%
1
2.8%
20
12.7%
Who was the previous owner of Neville's first wand? His father
55.6%
His mother
10.8%
His great-uncle
25%
Ollivander
4%
Which Death Eater broke Neville's nose and wand in the Department of Mysteries? Antonin Dolohov
52.1%
Bellatrix Lestrange
22.3%
Lucius Malfoy
8.9%
Walden Macnair
12.2%
What is Neville's great uncle's name? Algie
51.2%
Albert
24.6%
Neville
9.4%
Francis
10.4%
Who was Neville paired with during Lockhart's first (and only) Dueling Club meeting? Justin Finch-Fletchley
48.2%
Terry Boot
8.7%
Ernie Macmillan
29.2%
Michael Corner
9.1%
Neville teamed up with Ron in the Battle of Hogwarts to defeat which Voldemort supporter? Fenrir Greyback
43.3%
Bellatrix Lestrange
11.4%
Lucius Malfoy
5.7%
Amycus Carrow
35.3%
In which course did Neville achieve an 'Acceptable' O.W.L., not qualifying for the N.E.W.T. - level coursework? Transfiguration
40.8%
Defense Against the Dark Arts
35.5%
Charms
9.7%
Herbology
9.6%
When is Neville's birthday? July 30
38.7%
July 31
37.6%
October 31
10.9%
October 30
8.6%
Fill in the blank of the following Neville quote. 'I'm worth ______ of you, Malfoy' twelve
36%
a thousand
22.3%
a hundred
32.8%
seven
4.7%

You're not logged in!

Compare scores with friends on all Sporcle quizzes.
OR
Log In

Sporcle TV

Today on Sporcle TV


Watch our educational content, quiz creation guides, and fun videos on Sporcle TV.

Show Comments

Extras

Top Quizzes Today


Score Distribution

Your Account Isn't Verified!

In order to create a playlist on Sporcle, you need to verify the email address you used during registration. Go to your Sporcle Settings to finish the process.

Report this User

Report this user for behavior that violates our Community Guidelines.

Details: